El problema de Dios
Saved in:
| Hovedforfatter: | |
|---|---|
| Format: | Bog |
| Sprog: | spansk |
| Udgivet: |
Barcelona
Nova Terra
1967
|
| Fag: | |
| Tags: |
Tilføj Tag
Ingen Tags, Vær først til at tagge denne postø!
|
MARC
| LEADER | 00000nam a2200000 a 4500 | ||
|---|---|---|---|
| 001 | UCL2017 | ||
| 003 | CL-VaPUC | ||
| 008 | 031010e19670000SP |||||||||||||||||spa|d | ||
| 082 | 0 | 4 | |a 231 |b MUR |2 21 |
| 100 | |a Murray, John Courtney |e autor |9 549935 | ||
| 245 | 1 | 3 | |a El problema de Dios |
| 300 | |a 131 p | ||
| 942 | |c BK | ||
| 945 | |d 20031010 00:00:00 |a rbrito | ||
| 260 | |a Barcelona |b Nova Terra |c 1967 | ||
| 650 | 0 | |a Dios |9 266622 | |
| 650 | 0 | |a Teología |9 258766 | |
| 650 | 0 | |a Muerte |9 265114 | |
| 650 | 0 | |a Interpretación de la Biblia |9 311877 | |
| 583 | |a last modification |c 20031010 00:00:00 |k Rodrigo Vera | ||
| 999 | |c 305444 |d 305442 | ||
| 952 | |0 0 |1 2 |4 0 |6 231_000000000000000_MUR_1967 |7 0 |8 A |9 369329 |a BIBTEO |b BIBTEO |d 2019-11-21 |i 2081911 |o 231 MUR 1967 |p 2081911 |r 2019-11-21 |w 2019-11-21 |x Descarte 2019 |y BK |k ICR | ||
| 952 | |0 0 |1 0 |4 0 |6 231_000000000000000_MUR_1967 |7 0 |8 A |9 369330 |a BIBTEO |b BIBTEO |d 2019-11-21 |i 208192K |o 231 MUR 1967 |p 208192K |r 2025-01-17 |w 2019-11-21 |y BK |k ICR | ||